000 00486nam a2200193Ia 4500
005 20260429112313.0
008 260429s9999||||xx |||||||||||||| ||und||
020 _a9781260565850
041 _aEnglish
082 _a540
_bBUR
100 _aBurdge, Julia
245 0 _aChemistry /
_cJulia Burdge
250 _a5th ed.
260 _aNew York :
_bMcGraw-Hill Education,
_c2019.
300 _axxx, I-16 p.; pbk
650 _a Physical sciences
650 _aChemistry
942 _cTB
999 _c53395
_d53395